000
00204 a2200097 4500
001
45982
100
_a
Laveaga
245
_a
Volley Ball
260
_a
New York
_b
A S Barnes & Co
_c
090
_c
29101
_d
29101
942
_a
NUST-CAE
_c
M
_c
21227
999
_c
281055
_d
281055